[Event "Nichelino op 17th"]
[Site "Nichelino"]
[Date "2016.10.09"]
[Round "4"]
[White "Rotundo, Raffaele"]
[Black "Llupa, Oltjon"]
[Result "0-1"]
[WhiteElo "1949"]
[BlackElo "2038"]
[PlyCount "80"]
[EventDate "2016.10.07"]
[EventType "swiss"]
[EventRounds "5"]
[EventCountry "ITA"]
[SourceTitle "EXT 2018"]
[Source "ChessBase"]
[SourceDate "2017.10.13"]
[SourceVersion "1"]
[SourceVersionDate "2017.10.13"]
[SourceQuality "1"]

1. e4 d5 2. exd5 Qxd5 3. Nc3 Qe5+ 4. Be2 c6 5. Nf3 Qc7 6. 0-0 Bf5 7. d4 e6 8. Re1 Nf6 9. h3 Nbd7 10. Bd3 Bxd3 11. Qxd3 Bd6 12. Be3 0-0 13. Rad1 Rfd8 14. Ne4 Bf4 15. g3 Bxe3 16. Qxe3 Nxe4 17. Qxe4 Nf6 18. Qh4 c5 19. dxc5 Qxc5 20. c3 h6 21. Qf4 Rd5 22. Rxd5 Qxd5 23. a3 Rd8 24. Qd4 Qxd4 25. Nxd4 Kf8 26. Kf1 Nd5 27. a4 Nb6 28. b3 Nd5 29. c4 Nb4 30. Rd1 Nc6 31. Nxc6 Rxd1+ 32. Ke2 Rb1 33. Nxa7 Rxb3 34. Nb5 Rb4 35. Nd6 Rxa4 36. c5 Rb4 37. Kd3 Ke7 38. Kc3 Rb1 39. Kc4 f6 40. f4 Kd7 0-1

[Event "Nichelino op 5th"]
[Site "Nichelino"]
[Date "2004.10.10"]
[Round "5"]
[White "Rotundo, Raffaele"]
[Black "Malano, Francesco"]
[Result "1-0"]
[WhiteElo "2123"]
[BlackElo "2060"]
[PlyCount "40"]
[EventDate "2004.10.07"]
[EventType "swiss"]
[EventRounds "6"]
[EventCountry "ITA"]
[SourceTitle "EXT 2009"]
[Source "ChessBase"]
[SourceDate "2008.11.26"]
[SourceVersion "1"]
[SourceVersionDate "2008.11.26"]
[SourceQuality "1"]

1. e4 c5 2. Nf3 g6 3. d4 cxd4 4. Nxd4 Bg7 5. Nc3 Nc6 6. Be3 Nf6 7. f3 0-0 8. Qd2 d5 9. exd5 Nxd5 10. Nxd5 Qxd5 11. Nxc6 Qxc6 12. c3 Be6 13. Be2 Rfd8 14. Qc1 Bc4 15. Bxc4 Qxc4 16. Kf2 Rd6 17. Rd1 Rad8 18. Qc2 Rxd1 19. Rxd1 Rxd1 20. Qxd1 Qxa2 1-0

[Event "Nichelino op 5th"]
[Site "Nichelino"]
[Date "2004.10.07"]
[Round "1"]
[White "Berutti, Mario"]
[Black "Rotundo, Raffaele"]
[Result "0-1"]
[WhiteElo "1814"]
[BlackElo "2123"]
[PlyCount "60"]
[EventDate "2004.10.07"]
[EventType "swiss"]
[EventRounds "6"]
[EventCountry "ITA"]
[SourceTitle "EXT 2009"]
[Source "ChessBase"]
[SourceDate "2008.11.26"]
[SourceVersion "1"]
[SourceVersionDate "2008.11.26"]
[SourceQuality "1"]

1. d4 d5 2. f4 Nf6 3. Nf3 Bf5 4. e3 e6 5. Bd3 Bxd3 6. cxd3 c5 7. dxc5 Bxc5 8. 0-0 0-0 9. Kh1 Nc6 10. Nc3 a6 11. Qe1 d4 12. Na4 Ba7 13. e4 b5 14. Qh4 bxa4 15. Ng5 h6 16. f5 Nh7 17. f6 Nxf6 18. Rf3 Ne5 19. Rg3 Ng6 20. Qh3 Qa5 21. Nf3 Qh5 22. e5 Qxh3 23. gxh3 Nd5 24. h4 Ngf4 25. Rg4 Nxd3 26. Rg3 Nxc1 27. Rxc1 d3 28. Rd1 Rac8 29. Rxd3 Rc1+ 30. Kg2 Nf4# 0-1

[Event "Torino op 10"]
[Site "Torino"]
[Date "2004.10.??"]
[Round "6"]
[White "Raviola, Giuseppe"]
[Black "Rotundo, Raffaele"]
[Result "1/2-1/2"]
[WhiteElo "2083"]
[BlackElo "2123"]
[PlyCount "61"]
[EventDate "2004.10.??"]
[EventType "swiss"]
[EventRounds "7"]
[EventCountry "ITA"]
[SourceTitle "EXT 2024"]
[Source "ChessBase"]
[SourceDate "2023.10.10"]
[SourceVersion "1"]
[SourceVersionDate "2023.10.10"]
[SourceQuality "1"]

1. e4 e6 2. d4 d5 3. exd5 exd5 4. Bd3 Nc6 5. c3 Bd6 6. Nf3 Nf6 7. Bg5 Bg4 8. 0-0 0-0 9. Nbd2 Ne7 10. Qc2 Ng6 11. h3 Be6 12. Rfe1 Re8 13. Ne5 Nf8 14. Ndf3 h6 15. Bh4 c6 16. Bf5 Be7 17. Re2 Bxf5 18. Qxf5 Qc8 19. Qxc8 Raxc8 20. Rae1 Ne4 21. Bxe7 Rxe7 22. Nh4 Nd6 23. b3 Rce8 24. Kf1 f6 25. Neg6 Rxe2 26. Rxe2 Rxe2 27. Kxe2 Nxg6 28. Nxg6 Kf7 29. Nf4 Ne4 30. c4 dxc4 31. bxc4 1/2-1/2

[Event "Nichelino op 4th"]
[Site "Nichelino"]
[Date "2003.10.11"]
[Round "3"]
[White "D'Ingiullo, Roberto"]
[Black "Rotundo, Raffaele"]
[Result "0-1"]
[WhiteElo "2119"]
[BlackElo "1849"]
[PlyCount "108"]
[EventDate "2003.10.09"]
[EventType "swiss"]
[EventRounds "6"]
[EventCountry "ITA"]
[SourceTitle "EXT 2024"]
[Source "ChessBase"]
[SourceDate "2023.10.10"]
[SourceVersion "1"]
[SourceVersionDate "2023.10.10"]
[SourceQuality "1"]

1. e4 c6 2. d4 d5 3. Nc3 dxe4 4. Nxe4 Bf5 5. Ng3 Bg6 6. Bc4 e6 7. N1e2 Nf6 8. 0-0 Bd6 9. Bf4 Qc7 10. Bxd6 Qxd6 11. f4 0-0 12. f5 exf5 13. Nxf5 Bxf5 14. Rxf5 Ng4 15. Rh5 g6 16. Rh3 Nd7 17. Qd2 Rae8 18. Rg3 Ndf6 19. Qf4 Qxf4 20. Nxf4 Re4 21. Ne2 Rfe8 22. h3 Ne3 23. Bd3 Nxc2 24. Rf1 Nh5 25. Bxe4 Rxe4 26. Rb3 Rxe2 27. Rxb7 Ne3 28. Rf2 Re1+ 29. Kh2 Nf1+ 30. Rxf1 Rxf1 31. Rxa7 Rd1 32. Ra6 Rxd4 33. Rxc6 Ra4 34. a3 Nf4 35. Rc3 h5 36. b4 Nd5 37. Rd3 Nc7 38. Rd8+ Kg7 39. g4 hxg4 40. hxg4 Rxa3 41. Rd7 Ne6 42. b5 Rb3 43. Rb7 Kf6 44. b6 Nd8 45. Rd7 Ne6 46. Rb7 Nc5 47. Rc7 Rb5 48. Kg3 Ke6 49. Kh4 Nd7 50. Rc6+ Ke7 51. g5 Rxb6 52. Rc4 Rb5 53. Re4+ Re5 54. Rc4 Nb6 0-1

[Event "Piemonte Region-ch"]
[Site "Torino"]
[Date "2003.04.??"]
[Round "3"]
[White "Pepino, Enrico"]
[Black "Rotundo, Raffaele"]
[Result "1/2-1/2"]
[WhiteElo "2058"]
[BlackElo "1807"]
[PlyCount "88"]
[EventDate "2003.04.??"]
[EventType "swiss"]
[EventRounds "6"]
[EventCountry "ITA"]
[SourceTitle "EXT 2024"]
[Source "ChessBase"]
[SourceDate "2023.10.10"]
[SourceVersion "1"]
[SourceVersionDate "2023.10.10"]
[SourceQuality "1"]

1. e4 c5 2. Nf3 Nc6 3. c4 g6 4. d4 cxd4 5. Nxd4 Bg7 6. Be3 d6 7. Nc3 Nf6 8. Be2 0-0 9. 0-0 Bd7 10. Qd2 Rc8 11. f3 h5 12. Rac1 Kh7 13. Rfd1 Nxd4 14. Bxd4 Bh6 15. f4 e5 16. Be3 Ng4 17. Bxg4 Bxg4 18. Rf1 Rxc4 19. fxe5 Bxe3+ 20. Qxe3 dxe5 21. Qxa7 Qd4+ 22. Qxd4 exd4 23. Nd5 Be2 24. Rxc4 Bxc4 25. Rd1 Bxa2 26. Rxd4 Bxd5 27. exd5 Kg7 28. Rb4 Rb8 29. Rb6 Kf8 30. Kf2 Rd8 31. Rxb7 Rxd5 32. b4 Rd2+ 33. Kf3 Kg7 34. b5 Rb2 35. b6 Kf6 36. Rb8 Ke7 37. b7 Rb3+ 38. Ke4 Rb2 39. h3 Rb1 40. Kf4 Kf6 41. Ke4 Ke7 42. Ke5 Re1+ 43. Kf4 Rb1 44. Kg5 Rb5+ 1/2-1/2

[Event "Torino op 4th"]
[Site "Torino"]
[Date "2002.09.??"]
[Round "6"]
[White "Trussardi, Renato"]
[Black "Rotundo, Raffaele"]
[Result "0-1"]
[WhiteElo "1626"]
[BlackElo "1810"]
[PlyCount "64"]
[EventDate "2002.09.??"]
[EventType "swiss"]
[EventRounds "7"]
[EventCountry "ITA"]
[SourceTitle "EXT 2024"]
[Source "ChessBase"]
[SourceDate "2023.10.10"]
[SourceVersion "1"]
[SourceVersionDate "2023.10.10"]
[SourceQuality "1"]

1. d4 d5 2. c4 dxc4 3. Nc3 c5 4. e3 e6 5. Bxc4 cxd4 6. Bb5+ Bd7 7. Qxd4 Nc6 8. Qd1 Nf6 9. Nge2 a6 10. Ba4 b5 11. Bc2 b4 12. Ne4 Nd5 13. 0-0 f5 14. N4g3 Be7 15. Nxf5 0-0 16. e4 Nf6 17. Nxe7+ Qxe7 18. Bf4 e5 19. Bb3+ Kh8 20. Bg5 Rad8 21. Qc2 Nd4 22. Nxd4 exd4 23. Rad1 Bb5 24. Rfe1 d3 25. Qd2 Qa7 26. Be3 Qb7 27. e5 Ne4 28. Qxb4 d2 29. Bxd2 Rxf2 30. Qxe4 Qxe4 31. Rxe4 Rdxd2 32. Rxd2 Rf1# 0-1

[Event "Torino Epifania op"]
[Site "Torino"]
[Date "2002.01.??"]
[Round "4"]
[White "Malano, Francesco"]
[Black "Rotundo, Raffaele"]
[Result "1-0"]
[WhiteElo "2042"]
[BlackElo "1729"]
[PlyCount "105"]
[EventDate "2002.01.??"]
[EventType "swiss"]
[EventRounds "6"]
[EventCountry "ITA"]
[SourceTitle "EXT 2024"]
[Source "ChessBase"]
[SourceDate "2023.10.10"]
[SourceVersion "1"]
[SourceVersionDate "2023.10.10"]
[SourceQuality "1"]

1. Nf3 Nf6 2. g3 e6 3. Bg2 d5 4. 0-0 c5 5. d3 Nc6 6. Nbd2 Bd6 7. e4 0-0 8. Qe2 Qc7 9. c3 b6 10. Re1 Be7 11. e5 Nd7 12. d4 cxd4 13. cxd4 Nb4 14. Bf1 Nc2 15. Nb3 Nxa1 16. Nxa1 a5 17. Bg5 Ba6 18. Qd1 Bxg5 19. Bxa6 Rxa6 20. Nxg5 h6 21. Qd3 hxg5 22. Qxa6 Rc8 23. Kg2 Nb8 24. Qb5 Qc6 25. Qxc6 Rxc6 26. Kf3 Na6 27. Ke3 a4 28. a3 b5 29. Re2 b4 30. Rc2 bxa3 31. bxa3 Rb6 32. Rc8+ Kh7 33. Kd3 Rb1 34. Nc2 Rb7 35. Rc6 Nc7 36. Kd2 Na8 37. Ra6 Nb6 38. Ne3 f6 39. f4 gxf4 40. gxf4 Kg6 41. Ke2 Kf7 42. Kd3 Ke7 43. f5 fxe5 44. dxe5 exf5 45. Rxb6 Rxb6 46. Nxd5+ Ke6 47. Nxb6 Kxe5 48. Nxa4 g5 49. Nc3 g4 50. Ne2 f4 51. Ng1 Kd5 52. a4 g3 53. h4 1-0